| 000 | 00451nac a22001691u 4500 | ||
|---|---|---|---|
| 008 | 090209t xxu||||| |||| 00| 0 eng d | ||
| 020 | _a9783937718569 | ||
| 082 |
_a721.2 _bDOO _220 |
||
| 245 | _aDoor design/ | ||
| 260 |
_aCologne: _bDaab,2007 _c2007 |
||
| 300 |
_a383p.: _bCol. ill.; _c23 cm. |
||
| 500 | _aincludes index | ||
| 500 | _adistributer: Al-ahram | ||
| 650 |
_aDoors. _92071 |
||
| 700 | _aSchmidt, Anne Dorte | ||
| 942 |
_cBB _k721.2DOO _2ddc |
||
| 999 |
_c10778 _d10778 |
||